Music Quiz

Random Music or Lyrics Quiz

John Mayer Songs by Lyrics Quiz Stats

 Plays Quiz Updated Feb 20, 2020

Support Sporcle.
Go Orange.
Score 0/21 Timer 08:00
1 Play Today
Lyric Song % Correct
Say what you need to saySay
84%
Boys will be strong, and boys soldier on, but boys would be gone without warmth of a woman's good good heartDaughters
78.6%
I love the shape you take when crawling towards the pillow caseYour Body is a Wonderland
76.4%
One day our generation, is gonna rule the populationWaiting on the World to Change
74.2%
I tried my hand, John honestly, we'll never stop this trainStop This Train
66.8%
I want to run through the halls of my high schoolNo Such Thing
62.2%
Twice as much ain't twice as goodGravity
57.4%
How dare you say it's nothing to me, baby you're the only light i ever sawSlow Dancing in a Burning Room
53.9%
You roll out of bed, and down on your knees, and for moment you can hardly breatheDreaming with a Broken Heart
50.4%
Cuz I wonder sometimes, about the outcome, of a still vertdictless lifeWhy Georgia
47.8%
Oh everyone believes, from emptiness to everythingBelief
46.5%
Lyric Song % Correct
Tonight she's out to lose herself, find a high on Peachtree StreetNeon
45.1%
Fear is a friend who's misunderstoodHeart of Life
43.3%
I never liked this apple muchCity Love
42.8%
Let me say, you should have seen that sunrise with your own eyes3x5
39.4%
I loved you, gray sweatpants, no makeup, so perfectComfortable
38.7%
Oh make me a red cape, I wanna be superman83
36.5%
And I will wait to find, if this will last foreverClarity
35.7%
Just don't leave me alone here, its cold babyCome Back to Bed
34.6%
I've shed this skin, I've been tripping in, and I've never quite returnedBigger Than My Body
31.1%
I believe that my life's gonna see, the love I give return to meWheel
28.9%

From the Vault

Most Points in an NBA Playoff Series

by jonesjeffum

Sports 4m
If we had moon shoes on, we might be able to jump as high as these NBA players.
Remove Ads.
Support Sporcle.
Get the best of Sporcle when you Go Orange. This ad-free experience offers more features, more stats, and more fun while also helping to support Sporcle. Thank you for becoming a member.

Show Comments

Extras

Top Quizzes Today


Score Distribution

Your Account Isn't Verified!

In order to create a playlist on Sporcle, you need to verify the email address you used during registration. Go to your Sporcle Settings to finish the process.

Report this User

Report this user for behavior that violates our Community Guidelines.

Details: